| 000 | 00803nam a2200241Ia 4500 | ||
|---|---|---|---|
| 003 | OSt | ||
| 005 | 20220923220405.0 | ||
| 006 | a|||||r|||| 00| 0 | ||
| 007 | ta | ||
| 008 | 220922b |||||||| |||| 00| 0 hin d | ||
| 024 | _a186,306 | ||
| 037 | _cTextual | ||
| 040 |
_aARTS _cARTS _bhin |
||
| 041 |
_2hin _ahin |
||
| 082 | _aY:1.2v, 152M0 | ||
| 100 |
_aसिंहल, दामोदर _9156318 |
||
| 245 | 0 | _aभारतीय संस्कृति और विश्व सम्पर्क | |
| 246 | _aBhāratīya sanskṛuti aur vishva samparka | ||
| 260 |
_aमेरठ _b मीनाक्षी प्रकाशन _c1980 |
||
| 300 |
_a331 पृ. _ccm. |
||
| 942 |
_hY:1.2v, 152M0 _cTEXL _2CC |
||
| 999 |
_c339550 _d339550 |
||